| 000 | 00652nam a22001577a 4500 | ||
|---|---|---|---|
| 005 | 2012021600430.0 | ||
| 020 |
_a8176481637 _c000.00 |
||
| 035 | _aA-991558 | ||
| 037 |
_aDPL _bENG |
||
| 100 |
_aKawatra,P.S. _942470 |
||
| 245 |
_aText Book Of Information Science/ _cby P.S.Kawatra |
||
| 260 |
_aNew Delhi _bA.P.H Publishing _c2000 |
||
| 300 |
_a viii,323p. _c22 cms. |
||
| 942 |
_2ddc _cEN _h020 _mKAW |
||
| 999 |
_c63111 _d63111 |
||